[Event "Kalamazoo Mini-Swiss.2"]
[Site "Kalamazoo, MI"]
[Date "1998.??.??"]
[Round "?"]
[White "Pascoe, Bramwell"]
[Black "Bernal, H."]
[Result "1-0"]
[WhiteElo "1605"]
[BlackElo "1605"]
[PlyCount "89"]
[EventDate "1998.??.??"]

1. e4 c5 2. Nc3 e6 3. f4 g6 4. Nf3 Nc6 5. Bc4 Bg7 6. b3 a6 7. Bb2 b5 8. Be2 b4
9. Na4 Bxb2 10. Nxb2 Nf6 11. Na4 d6 12. e5 Ne4 13. d3 Nc3 14. Nxc3 bxc3 15. d4
cxd4 16. Nxd4 Bb7 17. Nxc6 Bxc6 18. Qxd6 Qxd6 19. exd6 Bxg2 20. Rg1 Bd5 21.
O-O-O f5 22. Rg3 Kd7 23. Rxc3 a5 24. Bb5+ Kxd6 25. Rc6+ Ke7 26. Rc7+ Kf6 27.
Bc6 Rad8 28. c4 Bxc6 29. Rxd8 Rxd8 30. Rxc6 Rd4 31. Ra6 Rxf4 32. Rxa5 e5 33. c5
e4 34. c6 Rf3 35. Kd2 Rd3+ 36. Kc2 Ke7 37. b4 f4 38. Ra7+ Kd8 39. Rf7 f3 40. b5
Ra3 41. c7+ Kc8 42. Kb2 Rd3 43. b6 Rd6 44. Rf8+ Kb7 45. c8=Q+ 1-0

[Event "Michigan Open Reserve"]
[Site "Flint, MI"]
[Date "1998.??.??"]
[Round "?"]
[White "Pascoe, Bramwell"]
[Black "Ballou, Max"]
[Result "1-0"]
[WhiteElo "1605"]
[BlackElo "1605"]
[PlyCount "31"]
[EventDate "1998.09.??"]

1. e4 e6 2. d4 d5 3. Nc3 Nc6 4. Nf3 Bd6 5. e5 Bb4 6. Bd3 Nge7 7. O-O O-O 8.
Bxh7+ Kxh7 9. Ng5+ Kg8 10. Qh5 Re8 11. Qxf7+ Kh8 12. Qh5+ Kg8 13. Qh7+ Kf8 14.
Qh8+ Ng8 15. Nh7+ Ke7 16. Qxg7# 1-0

[Event "U.S. Amateur North"]
[Site "Detroit, MI"]
[Date "1998.??.??"]
[Round "?"]
[White "Parker, Harvard"]
[Black "Turner, Keita"]
[Result "0-1"]
[WhiteElo "1605"]
[BlackElo "1900"]
[PlyCount "136"]
[EventDate "1998.05.??"]

{5/23} 1. e4 c5 2. Nc3 Nc6 3. f4 g6 4. Nf3 Bg7 5. Bc4 e5 6. d3 Nh6 7. O-O d6 8.
fxe5 O-O 9. Bg5 Qd7 10. Qd2 Ng4 11. exd6 Qxd6 12. Bf4 Qd8 13. h3 Nge5 14. Nxe5
Nxe5 15. Bd5 Be6 16. Bxe6 fxe6 17. Bh6 Qh4 18. Bxg7 Kxg7 19. Qe2 Qg3 20. Rxf8
Rxf8 21. Rf1 Rxf1+ 22. Qxf1 Qe3+ 23. Kh2 Qd2 24. Qe2 Qf4+ 25. g3 Qf6 26. Kg2
Nc6 27. Na4 b6 28. Qf2 Qe5 29. Qf4 Qxf4 30. gxf4 Nd4 31. c3 Ne2 32. Kf3 Nc1 33.
Ke3 Nxa2 34. Kd2 Kh6 35. Kc2 Kh5 36. Kb1 Kh4 37. Kxa2 Kxh3 38. d4 Kg4 39. d5
exd5 40. exd5 Kf5 41. c4 h5 42. Nc3 h4 43. Ne2 h3 44. Ng3+ Kxf4 45. Nh1 Ke5 46.
Ka3 h2 47. b4 cxb4+ 48. Kxb4 Kd6 49. Kb5 a5 50. Ka4 Kc5 51. Ng3 g5 52. Nh1 g4
53. Ng3 Kd6 54. Kb5 Ke5 55. Nh1 Kf4 56. d6 g3 57. Nxg3 Kxg3 58. d7 h1=Q 59.
d8=Q Qb1+ 60. Ka6 a4 61. Qd6+ Kf2 62. Qh2+ Ke3 63. Qe5+ Kd2 64. Qd5+ Kc3 65.
Qf3+ Qd3 66. Qf6+ Kxc4 67. Qxb6 Kd5+ 68. Kb7 Qb3 0-1

[Event "Michigan Open Reserve"]
[Site "Flint, MI"]
[Date "1998.??.??"]
[Round "?"]
[White "Parker, Harvard"]
[Black "Moore, Martin"]
[Result "1-0"]
[WhiteElo "1605"]
[BlackElo "1605"]
[PlyCount "93"]
[EventDate "1998.09.??"]

1. e4 e5 2. Nf3 Nc6 3. d4 exd4 4. Bc4 Bc5 5. c3 dxc3 6. Nxc3 d6 7. Bg5 f6 8.
Bh4 Bg4 9. Qb3 Na5 10. Qa4+ c6 11. Bxg8 b5 12. Nxb5 cxb5 13. Qxb5+ Bd7 14. Qd3
Rxg8 15. e5 dxe5 16. Qxh7 Bb4+ 17. Kf1 Bb5+ 18. Kg1 Qd5 19. Qg6+ Ke7 20. h3 Bd6
21. Bg3 Bd3 22. Qg4 Be2 23. Qa4 Bxf3 24. gxf3 Nc4 25. Qb3 Rgb8 26. Qc2 Rxb2 27.
Qh7 Rg8 28. Bh4 Kf8 29. Rc1 Rxa2 30. Kg2 Ne3+ 31. Kg1 Rc2 32. Re1 Qd2 33. Rxe3
Bc5 34. Rd3 Qc1+ 35. Kg2 Rxf2+ 36. Kg3 Rxf3+ 37. Kxf3 Qxh1+ 38. Ke2 Qa8 39. Rg3
Qc6 40. Kd2 a5 41. Ke2 a4 42. Bxf6 Be7 43. Bxe7+ Kxe7 44. Qxg8 Qc2+ 45. Ke3
Qc1+ 46. Kf3 Qf1+ 47. Ke4 {[Remainder illegible; 1-0, 61?]} 1-0

[Event "U.S. Amateur North"]
[Site "Detroit, MI"]
[Date "1998.??.??"]
[Round "?"]
[White "Parker, Harvard"]
[Black "Mandell, Ed"]
[Result "1-0"]
[WhiteElo "1605"]
[BlackElo "1605"]
[PlyCount "59"]
[EventDate "1998.05.??"]

{5/23} 1. e4 e5 2. Nf3 Nc6 3. d4 exd4 4. Bc4 h6 5. c3 Bc5 6. cxd4 Bb4+ 7. Nc3
Nf6 8. e5 Ne4 9. O-O O-O 10. Qd3 Nxc3 11. bxc3 Ba5 12. Bb3 d5 13. Bc2 f5 14.
Ba3 Rf7 15. g3 g6 16. Nh4 Kg7 17. Ng2 Be6 18. Nf4 Qd7 19. Kh1 g5 20. Nh5+ Kg6
21. Nf6 Qd8 22. g4 Rxf6 23. exf6 Qxf6 24. f4 Bb6 25. fxg5 hxg5 26. gxf5+ Bxf5
27. Rxf5 Qg7 28. Rxg5+ Kxg5 29. Rg1+ Kf6 30. Qf5# 1-0

[Event "U.S. Amateur North"]
[Site "Detroit, MI"]
[Date "1998.??.??"]
[Round "?"]
[White "Parker, Harvard"]
[Black "Gentry, Bronson"]
[Result "1-0"]
[WhiteElo "1605"]
[BlackElo "1735"]
[PlyCount "43"]
[EventDate "1998.05.??"]

{5/24} 1. e4 c5 2. Nc3 Nc6 3. f4 d5 4. Nxd5 e6 5. Nc3 b6 6. Nf3 Bb7 7. Bc4 Nge7
8. d3 Ng6 9. O-O Be7 10. Be3 O-O 11. Ne2 Kh8 12. Ng3 Bh4 13. Qe2 Bxg3 14. hxg3
Qf6 15. c3 Rad8 16. Bb3 h5 17. Ng5 Nge7 18. Qxh5+ Qh6 19. Nxf7+ Rxf7 20. Qxf7
Rxd3 21. Kf2 Rxe3 22. Kxe3 1-0

[Event "Michigan Amateur"]
[Site "Kalamazoo "]
[Date "1998.??.??"]
[Round "?"]
[White "Parker, Harvard"]
[Black "Brumley, Ron"]
[Result "0-1"]
[WhiteElo "1605"]
[BlackElo "1755"]
[PlyCount "66"]
[EventDate "1998.07.??"]

{7/18} 1. e4 e6 2. d4 d5 3. e5 c5 4. Qg4 cxd4 5. Nf3 Nc6 6. Bd3 Nge7 7. O-O Ng6
8. Qg3 Bd7 9. h4 Qc7 10. Re1 Nb4 11. h5 Ne7 12. Nxd4 Nxd3 13. Qxd3 Qc4 14. Qe3
Nc6 15. c3 g6 16. Nd2 Qa6 17. h6 Nxd4 18. cxd4 Be7 19. Nf3 Rc8 20. Ng5 Rc4 21.
Qf3 O-O 22. Be3 f5 23. Nh3 Be8 24. Rec1 b5 25. Nf4 g5 26. Qg3 Kh8 27. Nh3 Rg8
28. Nxg5 Rg6 29. b3 Bxg5 30. bxc4 Bxe3 31. Qxe3 dxc4 32. Re1 Qb7 33. Rad1 Qxg2#
0-1

[Event "Michigan Amateur"]
[Site "Kalamazoo "]
[Date "1998.??.??"]
[Round "?"]
[White "Parker, Harvard"]
[Black "Belill, Mike"]
[Result "1-0"]
[WhiteElo "1605"]
[BlackElo "1605"]
[PlyCount "49"]
[EventDate "1998.07.??"]

{7/18} 1. e4 c5 2. Nc3 e6 3. f4 Be7 4. Nf3 Nc6 5. d4 cxd4 6. Nxd4 a6 7. Be3 b5
8. e5 Bb7 9. Qg4 g6 10. O-O-O h5 11. Qh3 Nh6 12. Nb3 Nf5 13. Nc5 Bc8 14. N3e4
Nxe3 15. Qxe3 Qa5 16. Kb1 Nb4 17. Qb3 Nd5 18. g3 Ra7 19. Bg2 Qb6 20. Rxd5 exd5
21. Qxd5 Bxc5 22. Nxc5 Bb7 23. Nxb7 Rxb7 24. Qxb7 Qxb7 25. Bxb7 1-0

[Event "U.S. Amateur North"]
[Site "Detroit, MI"]
[Date "1998.??.??"]
[Round "?"]
[White "Palmer, Tony"]
[Black "Rogers, Bradley"]
[Result "1-0"]
[WhiteElo "2025"]
[BlackElo "2105"]
[PlyCount "69"]
[EventDate "1998.05.??"]

{5/24} 1. e4 e6 2. d4 d5 3. Nd2 Nf6 4. e5 Nfd7 5. Bd3 c5 6. c3 Nc6 7. Ne2 Qb6
8. Nf3 cxd4 9. cxd4 f6 10. Nf4 fxe5 11. dxe5 Bb4+ 12. Kf1 Ndxe5 13. Nxe5 Nxe5
14. Qh5+ Nf7 15. h4 Bd7 16. Qe2 O-O-O 17. Bxh7 Bd6 18. Bd3 Ne5 19. a4 Nxd3 20.
Nxd3 Kb8 21. Bg5 Rdf8 22. Ne5 Be8 23. f4 Qb4 24. Rh3 Qd4 25. Nf3 Qb4 26. Qxe6
Bc6 27. Kg1 Re8 28. Qg6 Bc5+ 29. Kh2 Qxb2 30. Rb1 Qa2 31. Ne5 Bxa4 32. Rc3 Bb6
33. Qd6+ Ka8 34. Rbc1 Qf2 35. Ra3 $138 1-0

[Event "U.S. Amateur North"]
[Site "Detroit, MI"]
[Date "1998.??.??"]
[Round "?"]
[White "Palmer, Tony"]
[Black "Jaskot, Allan"]
[Result "1-0"]
[WhiteElo "2025"]
[BlackElo "1605"]
[PlyCount "87"]
[EventDate "1998.05.??"]

{5/23} 1. e4 e5 2. Nf3 Nc6 3. Bb5 Nf6 4. Qe2 Bc5 5. c3 O-O 6. O-O d6 7. d3 Bd7
8. Bg5 a6 9. Ba4 Be6 10. Bxc6 bxc6 11. d4 Ba7 12. dxe5 dxe5 13. Nxe5 Qd6 14.
Nf3 Ng4 15. Na3 Nxf2 16. Rxf2 Bxf2+ 17. Qxf2 f6 18. Be3 a5 19. Bc5 Qf4 20. Bxf8
Rxf8 21. Nd4 Qxf2+ 22. Kxf2 Bd7 23. Nc4 a4 24. Rd1 c5 25. Nf5 Be6 26. Ne7+ Kh8
27. Nd5 Rd8 28. Nce3 c6 29. Nc7 Rxd1 30. Nxd1 Bxa2 31. Na6 c4 32. Nc5 Bb3 33.
Nxb3 cxb3 34. Ke3 Kg8 35. Kd4 g6 36. Kc5 f5 37. exf5 a3 38. bxa3 gxf5 39. Kxc6
Kf7 40. a4 Ke8 41. Kc7 f4 42. a5 f3 43. gxf3 b2 44. Nxb2 1-0

[Event "U.S. Amateur North"]
[Site "Detroit, MI"]
[Date "1998.??.??"]
[Round "?"]
[White "Palmer, Tony"]
[Black "Hubbard, A."]
[Result "1-0"]
[WhiteElo "2025"]
[BlackElo "1680"]
[PlyCount "83"]
[EventDate "1998.05.??"]

{5/23} 1. e4 e6 2. d4 d5 3. Nd2 Nf6 4. e5 Ne4 5. Nxe4 dxe4 6. c3 c5 7. Bb5+ Bd7
8. Bxd7+ Qxd7 9. Ne2 Nc6 10. Qc2 cxd4 11. Qxe4 d3 12. Ng3 Bc5 13. Bd2 O-O 14.
Nh5 Qd5 15. Qxd5 exd5 16. f4 d4 17. Rf1 Rfe8 18. O-O-O b5 19. Rf3 dxc3 20. Bxc3
Bb4 21. Rfxd3 Bxc3 22. Rxc3 Nb4 23. Rb3 Rac8+ 24. Kb1 a5 25. a3 Nc2 26. Rd2
Red8 27. Rxd8+ Rxd8 28. Kxc2 Rd5 29. Rd3 Rc5+ 30. Rc3 Rc4 31. Rxc4 bxc4 32. Kc3
h6 33. Kxc4 Kh7 34. Kb5 Kg6 35. g4 f5 36. gxf5+ Kh7 37. Kc6 a4 38. Kd7 g6 39.
f6 g5 40. f7 g4 41. f5 g3 42. f8=Q 1-0

[Event "Cadillac Marathon"]
[Site "Cadillac, MI"]
[Date "1998.??.??"]
[Round "?"]
[White "Palacios, J."]
[Black "McNew, D."]
[Result "0-1"]
[WhiteElo "1605"]
[BlackElo "1605"]
[PlyCount "56"]
[EventDate "1998.??.??"]

1. e4 c5 2. c4 e6 3. Nc3 Nf6 4. Be2 g6 5. b3 Bg7 6. Bb2 Nxe4 7. Qc2 Nxc3 8.
Bxc3 Bxc3 9. Qxc3 O-O 10. Nf3 Nc6 11. O-O e5 12. d3 b6 13. Rad1 Re8 14. Ng5
Qxg5 15. Bf3 Bb7 16. Rfe1 Rab8 17. Re3 Nd4 18. Kh1 Bxf3 19. gxf3 f5 20. Rg1 Qh5
21. Kg2 f4 22. Qc1 fxe3 23. Qxe3 Rf8 24. Kf1 Rxf3 25. Qe4 Rbf8 26. Kg2 Qf5 27.
Qxf5 R8xf5 28. h4 Rxd3 0-1

[Event "Cadillac Marathon"]
[Site "Cadillac, MI"]
[Date "1998.??.??"]
[Round "?"]
[White "Palacios, J."]
[Black "Mayer, Raymond"]
[Result "0-1"]
[WhiteElo "1605"]
[BlackElo "1605"]
[PlyCount "50"]
[EventDate "1998.??.??"]

1. e4 e5 2. Nf3 Nc6 3. Bc4 Bc5 4. O-O d6 5. h3 f5 6. d3 f4 7. Bxg8 Rxg8 8. c4
g5 9. Nh2 Be6 10. Qh5+ Bf7 11. Qg4 Qe7 12. Kh1 Be6 13. Qe2 Nd4 14. Qd2 O-O-O
15. f3 h5 16. Nc3 c6 17. Na4 g4 18. Nxc5 dxc5 19. Qf2 g3 20. Qd2 gxh2 21. b3
Qh4 22. Qf2 Rg3 23. Bb2 Rdg8 24. Kxh2 Bxh3 25. Rh1 Bxg2+ 0-1

[Event "Cadillac Marathon"]
[Site "Cadillac, MI"]
[Date "1998.??.??"]
[Round "?"]
[White "Oss, Terry"]
[Black "Palacios, J."]
[Result "0-1"]
[WhiteElo "1605"]
[BlackElo "1605"]
[PlyCount "66"]
[EventDate "1998.??.??"]

1. e4 e5 2. Nc3 Nf6 3. Nf3 Bc5 4. d3 h6 5. Nxe5 d6 6. Nf3 O-O 7. d4 Bb4 8. Bd2
Bg4 9. Bd3 Nbd7 10. O-O c6 11. a3 Ba5 12. b4 Bc7 13. Be2 Qb8 14. Be3 d5 15. e5
Ne4 16. Qd3 b5 17. h3 Bxf3 18. Bxf3 Ng5 19. Bf4 Nb6 20. Bg4 Nc4 21. Rfe1 Ne6
22. a4 Nxf4 23. Qf3 Ng6 24. axb5 Qb6 25. Rab1 Qxd4 26. Rb3 Ncxe5 27. Qe2 Nxg4
28. hxg4 Rae8 29. Qd3 Rxe1+ 30. Qf1 Rxf1+ 31. Kxf1 Qf4 32. bxc6 Re8 33. Nxd5
Qc1# 0-1

[Event "Cadillac Marathon"]
[Site "Cadillac, MI"]
[Date "1998.??.??"]
[Round "?"]
[White "Oss, Terry"]
[Black "Jacobs, Ron"]
[Result "0-1"]
[WhiteElo "1605"]
[BlackElo "1605"]
[PlyCount "100"]
[EventDate "1998.??.??"]

1. e4 c5 2. Nf3 d6 3. d4 cxd4 4. Nxd4 Nf6 5. Nc3 g6 6. Bc4 Bg7 7. O-O O-O 8.
Be3 Bd7 9. Qd2 Ng4 10. Bf4 e5 11. Bg3 exd4 12. Ne2 Nc6 13. c3 dxc3 14. Nxc3
Nge5 15. Bb3 Be6 16. Ba4 Nc4 17. Qc2 Be5 18. Bxe5 N6xe5 19. b3 Nb6 20. Bb5 Rc8
21. Rfd1 Qe7 22. f4 Nc6 23. Qf2 Na5 24. Ne2 f5 25. exf5 Bxf5 26. Ng3 Bd7 27.
Re1 Qf7 28. Re4 Bxb5 29. h4 Bc6 30. Rd4 Rcd8 31. Rc1 Bd5 32. h5 Nc6 33. hxg6
hxg6 34. Rd3 Qxf4 35. Qxf4 Rxf4 36. Ne2 Rg4 37. Rh3 Bxg2 38. Ng3 Bxh3 39. Kh2
Ne5 40. Kxh3 Rd4 41. Rf1 Kg7 42. Rf2 Rh8+ 43. Kg2 Nd5 44. Re2 Nf4+ 45. Kf2 Nxe2
46. Nxe2 Rh2+ 47. Ke3 Rxe2+ 48. Kxe2 Kf6 49. Kf2 Kf5 50. Kg2 Kg4 0-1

[Event "U.S. Amateur North"]
[Site "Detroit, MI"]
[Date "1998.??.??"]
[Round "?"]
[White "Ohlemacher, Scott"]
[Black "Perry, Marc"]
[Result "1-0"]
[WhiteElo "1605"]
[BlackElo "1605"]
[PlyCount "69"]
[EventDate "1998.05.??"]

{5/23} 1. d4 d5 2. c4 e6 3. Bf4 Nc6 4. c5 Qf6 5. e3 Nge7 6. Nf3 Nb4 7. a3 Na6
8. Nc3 b6 9. Qa4+ c6 10. Bxa6 Bxa6 11. Qxa6 bxc5 12. Be5 Qf5 13. dxc5 Qc2 14.
Qb7 Rd8 15. O-O f6 16. Bd6 Qf5 17. Bxe7 Bxe7 18. Qxc6+ Rd7 19. Qa8+ Rd8 20.
Qxa7 e5 21. Qb7 d4 22. exd4 exd4 23. Nb5 Qxc5 24. Rac1 Qf5 25. Qc6+ Rd7 26.
Nfxd4 Qh5 27. Nc7+ Kf8 28. Qxd7 Kf7 29. Qe6+ Kg6 30. Qxe7 Rb8 31. Nce6 Qa5 32.
Rc7 Qd2 33. Qxg7+ Kh5 34. Qxh7+ Kg4 35. f3# 1-0

[Event "U.S. Amateur North"]
[Site "Detroit, MI"]
[Date "1998.??.??"]
[Round "?"]
[White "Ohlemacher, Scott"]
[Black "Biondo, Anthony"]
[Result "0-1"]
[WhiteElo "1605"]
[BlackElo "1605"]
[PlyCount "80"]
[EventDate "1998.05.??"]

{5/24} 1. d4 d5 2. c4 dxc4 3. Nc3 Nf6 4. Bg5 Bf5 5. e3 Nc6 6. Bxc4 Nb4 7. Qa4+
Nc6 8. Bb5 Bd7 9. Nf3 a6 10. Bxc6 Bxc6 11. Qc2 e6 12. O-O Bxf3 13. gxf3 Be7 14.
Ne4 Nxe4 15. Bxe7 Qxe7 16. Qxe4 Rb8 17. Kh1 Qb4 18. b3 Qd6 19. Qg4 g6 20. Qg5
Qe7 21. Qxe7+ Kxe7 22. f4 f5 23. Rac1 Kd6 24. f3 Rhf8 25. e4 c6 26. e5+ Kc7 27.
a4 Rbd8 28. Rfd1 Rd5 29. Rc5 Rfd8 30. Rc4 b5 31. axb5 axb5 32. Rb4 Kb6 33. Rc1
Ka5 34. Rxc6 Kxb4 35. Rxe6 Rxd4 36. Rc6 Rd1+ 37. Kg2 R8d2+ 38. Kg3 Rh1 39. e6
Rhxh2 40. e7 Rdg2# 0-1

[Event "Michigan Open"]
[Site "Flint, MI"]
[Date "1998.??.??"]
[Round "?"]
[White "O'Donnell, Robert"]
[Black "Turgut, Tansel"]
[Result "1/2-1/2"]
[WhiteElo "2200"]
[BlackElo "2360"]
[PlyCount "37"]
[EventDate "1998.09.??"]

{9/7} 1. d4 d5 2. c4 c6 3. Nf3 Nf6 4. Nc3 e6 5. e3 Nbd7 6. Bd3 dxc4 7. Bxc4 b5
8. Bd3 Bb7 9. O-O b4 10. Na4 c5 11. Qe2 cxd4 12. exd4 Be7 13. b3 O-O 14. Re1
Nb6 15. Nxb6 axb6 16. Bf4 Bxf3 17. Qxf3 Qxd4 18. Be5 Qg4 19. Qb7 1/2-1/2

[Event "Michigan Open"]
[Site "Flint, MI"]
[Date "1998.??.??"]
[Round "?"]
[White "O'Donnell, Robert"]
[Black "Solon, Nathan"]
[Result "1/2-1/2"]
[WhiteElo "2200"]
[BlackElo "1915"]
[PlyCount "53"]
[EventDate "1998.09.??"]

{9/5} 1. d4 Nf6 2. Nf3 c5 3. c3 e6 4. Bg5 d5 5. e3 Nc6 6. Nbd2 Be7 7. Bd3 O-O
8. O-O b6 9. Qe2 Bb7 10. a3 Ne8 11. Bxe7 Qxe7 12. dxc5 Qxc5 13. e4 dxe4 14.
Nxe4 Qe7 15. Rad1 Nf6 16. Nxf6+ Qxf6 17. Be4 Rfd8 18. Qc2 h6 19. Qa4 e5 20.
Nxe5 Qxe5 21. Bxc6 Bxc6 22. Qxc6 Qe2 23. Rxd8+ Rxd8 24. Qc7 Rd1 25. Qc8+ Kh7
26. Qf5+ Kg8 27. Qc8+ 1/2-1/2

[Event "Michigan Open"]
[Site "Flint, MI"]
[Date "1998.??.??"]
[Round "?"]
[White "O'Donnell, Robert"]
[Black "Smith, Walt"]
[Result "1/2-1/2"]
[WhiteElo "2200"]
[BlackElo "2015"]
[PlyCount "73"]
[EventDate "1998.09.??"]

{9/6} 1. d4 d6 2. c4 g6 3. Nc3 Bg7 4. Nf3 Nf6 5. e4 O-O 6. Be2 c5 7. O-O Ng4 8.
h3 cxd4 9. Nxd4 Ne5 10. Be3 Nbc6 11. Nc2 f5 12. f4 Nf7 13. Bf3 Qa5 14. Qd2 Be6
15. exf5 gxf5 16. Bd5 Bc8 17. Rab1 e6 18. Bf3 Qc7 19. b4 a6 20. Rfd1 Ne7 21.
Na3 d5 22. c5 Bd7 23. Ne2 Rac8 24. Rbc1 Nc6 25. Nc4 dxc4 26. Qxd7 Nxb4 27. Bxb7
Nd3 28. Bxc8 Qxc8 29. Rxd3 cxd3 30. Qxd3 Rd8 31. Qc4 Qc6 32. Bf2 Rd2 33. Ng3
Bd4 34. Qxd4 Rxd4 35. Bxd4 Nd8 36. Rb1 Nb7 37. Bf2 1/2-1/2

[Event "Michigan Open"]
[Site "Flint, MI"]
[Date "1998.??.??"]
[Round "?"]
[White "O'Donnell, Robert"]
[Black "Chehayeb, Sal"]
[Result "1-0"]
[WhiteElo "2200"]
[BlackElo "1950"]
[PlyCount "73"]
[EventDate "1998.09.??"]

{9/4} 1. d4 Nf6 2. c4 e5 3. dxe5 Ng4 4. Bf4 g5 5. Bg3 Nc6 6. Nf3 Bg7 7. Nc3
Ngxe5 8. e3 d6 9. Nxe5 Nxe5 10. Be2 Be6 11. O-O O-O 12. Qa4 f5 13. f4 Ng6 14.
Rad1 Qe7 15. Bf3 Bxc3 16. bxc3 Bd7 17. Qb3 Bc6 18. c5+ Kg7 19. cxd6 cxd6 20.
fxg5 Qxe3+ 21. Bf2 Qxg5 22. Bxc6 bxc6 23. Qb7+ Kh6 24. Rxd6 Rab8 25. Qxc6 Rb2
26. Rd3 Rf7 27. Rh3+ Kg7 28. Rg3 Qe7 29. Bd4+ Kg8 30. Re3 Qc7 31. Re8+ Nf8 32.
Qh6 Rb6 33. Bxb6 axb6 34. Qg5+ Rg7 35. Qxf5 Rxg2+ 36. Kxg2 Qc6+ 37. Qe4 1-0

[Event "U.S. Amateur North"]
[Site "Detroit, MI"]
[Date "1998.??.??"]
[Round "?"]
[White "Norwood, Wayne"]
[Black "Tobias, J."]
[Result "0-1"]
[WhiteElo "1605"]
[BlackElo "1605"]
[PlyCount "118"]
[EventDate "1998.05.??"]

{5/23} 1. e4 e5 2. Nf3 Nc6 3. Bc4 Nf6 4. Nc3 d6 5. h3 a6 6. d3 Be7 7. Bg5 h6 8.
Bxf6 Bxf6 9. Nd5 O-O 10. Nxf6+ Qxf6 11. Qd2 b5 12. Bd5 Bb7 13. d4 Qg6 14. Rg1
Rfe8 15. Bxc6 Bxc6 16. d5 Qxe4+ 17. Kd1 Qxd5 18. Qxd5 Bxd5 19. b3 c5 20. Nd2 a5
21. c4 bxc4 22. bxc4 Be6 23. Rc1 Rab8 24. Ne4 Red8 25. Ke2 Rb2+ 26. Kf3 Rxa2
27. Rgd1 Ra3+ 28. Ke2 Rb8 29. Nxd6 Rb4 30. g3 a4 31. Nb5 Ra2+ 32. Ke1 Bxc4 33.
Nd6 Ba6 34. Nf5 Re2+ 35. Kf1 Rc2+ 36. Kg2 Rxc1 37. Rxc1 a3 38. Rxc5 a2 39. Ra5
Bc4 40. Ne3 Rb1 41. Nc2 Bb3 42. h4 Rb2 43. Na1 e4 44. Nxb3 e3 45. Nc1 e2 46.
Nd3 Rd2 47. Ne1 g5 48. hxg5 hxg5 49. Rxg5+ Kh7 50. Ra5 Kg6 51. Nf3 Rb2 52. Ra8
Kf5 53. Ra4 Ke6 54. Ra5 Kd6 55. g4 Kc6 56. g5 Kd6 57. Ne1 Ke7 58. f4 Kf8 59.
Kf2 f5 {[Remainder illegible]} 0-1

[Event "U.S. Amateur North"]
[Site "Detroit, MI"]
[Date "1998.??.??"]
[Round "?"]
[White "Norwood, Wayne"]
[Black "Hubbard, A."]
[Result "0-1"]
[WhiteElo "1605"]
[BlackElo "1680"]
[PlyCount "116"]
[EventDate "1998.05.??"]

{5/23} 1. e4 e6 2. d4 d5 3. e5 c5 4. Nf3 cxd4 5. Nxd4 Nc6 6. Bb5 Bd7 7. Bxc6
bxc6 8. Nc3 c5 9. Nb3 Qc7 10. Bf4 Ne7 11. Qe2 Ng6 12. Bg3 Qb7 13. O-O-O Be7 14.
f4 Rb8 15. Rhf1 c4 16. Nd4 Qxb2+ 17. Kd2 Bb4 18. Qe3 a5 19. Rb1 Bxc3+ 20. Qxc3
Qxc3+ 21. Kxc3 Ke7 22. Rxb8 Rxb8 23. f5 exf5 24. e6 f4 25. exd7 Kxd7 26. Bxf4
Re8 27. Bg5 f6 28. Bd2 Kd6 29. Nb5+ Kc5 30. Nd4 Re4 31. a4 Ne7 32. Nf5 d4+ 33.
Nxd4 Nd5+ 34. Kb2 Rxd4 35. Bxa5 Re4 36. Re1 c3+ 37. Bxc3 Nxc3 38. Rf1 Nxa4+ 39.
Kc1 Re2 40. Rf5+ Kd6 41. Ra5 Nc5 42. Ra7 Rxg2 43. Rf7 Nd7 44. c4 Ke6 45. Rxd7
Kxd7 46. h4 h6 47. c5 Kc6 48. Kd1 Kxc5 49. Ke1 Kd4 50. Kf1 Rh2 51. Ke1 Ke3 52.
Kd1 Rg2 53. Kc1 Kd3 54. Kb1 Kc3 55. Ka1 Rf2 56. Kb1 Rh2 57. Ka1 Kb3 58. Kb1
Rh1# 0-1

[Event "Michigan Beginners"]
[Site "Grand Rapids, MI"]
[Date "1998.??.??"]
[Round "?"]
[White "Nolan, Sean"]
[Black "Zulauf, M."]
[Result "1/2-1/2"]
[WhiteElo "1605"]
[BlackElo "1605"]
[PlyCount "102"]
[EventDate "1998.01.??"]

1. e4 e5 2. Nf3 Nf6 3. Nc3 Bb4 4. Bd3 Bxc3 5. dxc3 d5 6. exd5 Qxd5 7. Bb5+ Bd7
8. Qxd5 Nxd5 9. Bxd7+ Nxd7 10. Bd2 O-O 11. O-O-O N7b6 12. b3 e4 13. Nd4 Rfe8
14. Rde1 c5 15. Nb5 Re6 16. Be3 a6 17. c4 axb5 18. cxd5 Nxd5 19. Bxc5 b6 20.
Bd4 Rxa2 21. Bb2 f6 22. f3 f5 23. Kb1 Ra7 24. Rhg1 Rae7 25. Rd1 Nc7 26. Kc1 e3
27. Ba3 Re8 28. Rge1 e2 29. Rd7 Na6 30. Kb1 b4 31. Bb2 R8e7 32. Rxe7 Rxe7 33.
Kc1 h6 34. Kd2 Kh7 35. Rxe2 Rxe2+ 36. Kxe2 g5 37. Kf2 Kg6 38. Kg3 h5 39. h4 f4+
40. Kh3 Nc5 41. g4 gxh4 42. Kxh4 hxg4 43. Kxg4 Ne6 44. Be5 b5 45. Bxf4 Nd4 46.
Be5 Nxc2 47. Bd6 Kf6 48. f4 Nd4 49. Bxb4 Nxb3 50. f5 Nd4 51. Bc3 Ke5 1/2-1/2

[Event "Michigan Beginners"]
[Site "Grand Rapids, MI"]
[Date "1998.??.??"]
[Round "?"]
[White "Nolan, Sean"]
[Black "L'Esperance, Jeremy"]
[Result "0-1"]
[WhiteElo "1605"]
[BlackElo "1605"]
[PlyCount "74"]
[EventDate "1998.01.??"]

1. d4 g6 2. c4 Nf6 3. Nf3 Bg7 4. Bg5 d5 5. e3 Bg4 6. Bxf6 Bxf3 7. Qxf3 exf6 8.
Nc3 dxc4 9. Bxc4 Nc6 10. O-O O-O 11. Bb5 Qd7 12. Bxc6 Qxc6 13. Qxc6 bxc6 14.
Rfd1 f5 15. Na4 Rad8 16. Nc5 Rd5 17. Rac1 Rfd8 18. Nb7 R8d7 19. Rxc6 Be5 20.
Rc4 c5 21. Nxc5 Rc7 22. Kf1 Bxh2 23. g3 f4 24. Kg2 fxg3 25. fxg3 Rh5 26. b3 Re7
27. Re1 g5 28. Kf3 f5 29. g4 Rh3+ 30. Kg2 fxg4 31. Kf2 Bg3+ 32. Ke2 Bxe1 33.
Kxe1 Rexe3+ 34. Kd2 Ref3 35. Ne4 g3 36. Nxg5 Rh2+ 37. Ke1 Rff2 0-1

[Event "Michigan Beginners"]
[Site "Grand Rapids, MI"]
[Date "1998.??.??"]
[Round "?"]
[White "Nolan, Sean"]
[Black "Avery, Robert"]
[Result "0-1"]
[WhiteElo "1605"]
[BlackElo "1605"]
[PlyCount "38"]
[EventDate "1998.01.??"]

1. e4 e5 2. Nf3 Nc6 3. d3 Nf6 4. Nc3 Bc5 5. h3 d6 6. Bg5 h6 7. Bxf6 Qxf6 8. Be2
Nd4 9. Nd5 Nxf3+ 10. Bxf3 Qd8 11. O-O c6 12. Nc3 Qg5 13. Na4 Bxh3 14. Nxc5 dxc5
15. Qe2 O-O-O 16. Rfd1 Be6 17. b3 h5 18. Kf1 Qh4 19. c4 Qh1# 0-1

[Event "Michigan Beginners"]
[Site "Grand Rapids, MI"]
[Date "1998.??.??"]
[Round "?"]
[White "Nolan, Scott"]
[Black "Horwood, Rob"]
[Result "0-1"]
[WhiteElo "1605"]
[BlackElo "1605"]
[PlyCount "84"]
[EventDate "1998.01.??"]

1. e4 e5 2. Nf3 Nc6 3. Bb5 a6 4. Bxc6 dxc6 5. Nxe5 Be6 6. d3 Be7 7. Nf3 Bg4 8.
Nbd2 Nf6 9. Nc4 O-O 10. O-O Nd7 11. h3 Be6 12. Nce5 Nxe5 13. Nxe5 Bd6 14. Bf4
Qf6 15. d4 Qxf4 16. Nd3 Qxe4 17. c3 Bd5 18. f3 Qe3+ 19. Rf2 Bg3 20. Rc1 Rfe8
21. c4 Bxf2+ 22. Nxf2 Be6 23. d5 Rad8 24. Rc3 Qg5 25. Ne4 Qg6 26. Qe2 Bxh3 27.
dxc6 Rd1+ 28. Kf2 Qxg2+ 29. Ke3 Qg5+ 30. f4 Qg3+ 31. Qf3 Qg4 32. cxb7 f5 33.
b8=Q Rxb8 34. Nf2 Re8+ 35. Ne4 Bg2 36. Qxg4 fxg4 37. Ke2 Rdd8 38. Rg3 Rxe4+ 39.
Kf2 Rd2+ 40. Kg1 Re1+ 41. Kh2 Bh3+ 42. Rg2 Rxg2# 0-1

[Event "Michigan Beginners"]
[Site "Grand Rapids, MI"]
[Date "1998.??.??"]
[Round "?"]
[White "Nolan, Scott"]
[Black "Archer, A."]
[Result "0-1"]
[WhiteElo "1605"]
[BlackElo "1605"]
[PlyCount "56"]
[EventDate "1998.01.??"]

1. e4 e5 2. Nf3 Nc6 3. Bb5 g6 4. d3 Nf6 5. Bd2 Ng4 6. Qe2 d6 7. h3 a6 8. Bxc6+
bxc6 9. hxg4 Bxg4 10. Nc3 Qb8 11. b3 d5 12. exd5 Qb4 13. Qxe5+ Qe7 14. Qxe7+
Bxe7 15. dxc6 Bf6 16. Bg5 Bxc3+ 17. Ke2 Bxa1 18. Rxa1 O-O 19. Kf1 f6 20. Bf4
Rfe8 21. Bxc7 Rac8 22. Bf4 Rxc6 23. Nd4 Rc5 24. Bd6 Rh5 25. Ne2 Rh1+ 26. Ng1
Be2+ 27. Ke1 Rxg1+ 28. Kd2 Rxa1 0-1